000 00433nam a2200181Ia 4500
008 170705s9999 xx 000 0 und d
020 _a9780316053891
245 _aEvery soul a star /
245 _cWendy Mass.
250 _aFirst edition.
260 _aNew York :
260 _bLittle, Brown and Company,
260 _c2008
300 _a322 pages :
300 _bcolor illustration ;
300 _c19cm.
500 _a740
999 _c336375
_d336375